|
|
|
|
| LEADER |
01909nam a2200421 a 4500 |
| 001 |
45245 |
| 003 |
BD-DhAAL |
| 005 |
20251229153249.0 |
| 008 |
251229t20062012enk d 000 1 eng |
| 010 |
|
|
|a 2005033596
|
| 020 |
|
|
|a 0385751079
|
| 020 |
|
|
|a 0385751060
|
| 020 |
|
|
|a 9780385751070
|
| 020 |
|
|
|a 9780385751063
|
| 020 |
|
|
|a 9780099572862
|
| 035 |
|
|
|a 14170039
|
| 040 |
|
|
|a DLC
|c DLC
|d DLC
|d BD-DhAAL
|
| 042 |
|
|
|a lcac
|
| 043 |
|
|
|a e-pl---
|
| 050 |
0 |
0 |
|a PZ7.B69677
|b Boy 2006
|
| 082 |
0 |
0 |
|a 813.6
|2 22
|
| 100 |
1 |
|
|a Boyne, John,
|d 1971-
|9 60021
|
| 245 |
1 |
4 |
|a The boy in the striped pajamas :
|b a fable /
|c by John Boyne.
|
| 260 |
|
|
|a London :
|b Vintage,
|c c2006, 2012.
|
| 300 |
|
|
|a 215 pages ;
|c 21 cm.
|
| 500 |
|
|
|a Reprint. Originally published: Great Britain : David Fickling Books, 2006.
|
| 520 |
|
|
|a Bored and lonely after his family moves from Berlin to a place called "Out-With" in 1942, Bruno, the son of a Nazi officer, befriends a boy in striped pajamas who lives behind a wire fence.
|
| 541 |
1 |
|
|a Donated by Farhana Zahir, Assistant Professor, BRAC Business School, BRAC University
|e 45245
|
| 610 |
2 |
0 |
|a Auschwitz (Concentration camp)
|v Juvenile fiction.
|9 60022
|
| 610 |
2 |
1 |
|a Auschwitz (Concentration camp)
|v Fiction.
|9 60023
|
| 650 |
|
1 |
|a Friendship
|v Fiction.
|
| 650 |
|
1 |
|a Nazis
|v Fiction.
|9 60024
|
| 650 |
|
1 |
|a Holocaust, Jewish (1939-1945)
|v Fiction.
|9 60025
|
| 650 |
|
1 |
|a World War, 1939-1945
|x Jews
|v Fiction.
|9 60026
|
| 655 |
|
7 |
|a Fiction.
|2 lcgft
|
| 942 |
|
|
|2 ddc
|c BK
|
| 999 |
|
|
|c 47690
|d 47690
|
| 952 |
|
|
|0 0
|1 0
|2 ddc
|4 0
|6 813_600000000000000_BOY
|7 0
|9 78651
|a BRACUL
|b BRACUL
|c NEW
|d 2025-12-29
|e Donated by Farhana Zahir, Assistant Professor, BRAC Business School, BRAC University
|l 1
|m 12
|o 813.6 BOY
|p 3010045245
|r 2026-04-12
|s 2026-01-06
|t 1
|w 2025-12-29
|y BK
|x Donated copy received from Farhana Zahir, Assistant Professor, BRAC Business School, BRAC University on 19 November 2025; MRP399
|